000 01002cam a2200301 a 4500
999 _c9834
_d9834
001 9834
003 BD-JhCC
005 20180402082357.0
008 180402s1986 maua b 001 0 eng
020 _a0821215892 (pbk.)
020 _a0821215884 (hard)
035 _a(BD-JhCC)9834
040 _aDLC
_cDLC
_dDLC
_dBD-JhCC
041 _aeng
050 0 0 _aPN1993.5.U6
_bH5914 1986
082 0 0 _a791.43/0973
_219
_bHOL 1986
245 0 0 _aHollywood, legend and reality /
_cedited by Michael Webb.
250 _a1st ed.
260 _aBoston :
_bLittle, Brown, in association with Smithsonian Institution Traveling Exhibition Service,
_cc1986.
300 _axi, 227 p. :
_bill. (some col.) ;
_c23 x 28 cm.
500 _a"A New York Graphic Society book."
504 _aIncludes bibliographies and index.
650 0 _aMotion picture industry
_zUnited States
_xHistory.
650 0 _aMotion pictures
_zUnited States
_xHistory.
700 1 _aWebb, Michael,
_d1937-
942 _2ddc
_cREF